00000000nam##2200000za#4500
0019.647003
003CaOODSP
00520200330130602
007ta
008150407|1998||||xxc|||||     f|0| 0 eng|d
020 |a0-662-26916-0
040 |aCaOODSP|beng
043 |an-cn---
0861 |aD82-43/1998E
1101 |aCanada.|bEmergency Preparedness Canada.
24514|aThe emergency site management (ESM) system : |ba doctrine paper / |cby Ron Kuban
260 |aOttawa - Ontario : |bEmergency Preparedness Canada |c1998.
300 |a37p. ; |c28 cm.
500 |a"The aim of this document is to describe the Emergency Site Management (ESM) system within the context of disaster response by Canadian local authorities (e.g., municipalities)."--Page 1. Developed within the framework of Canadian participation in the International Decade for Natural Disaster Reduction.
5203 |aThe aim of this document is to describe the Emergency Site Management (ESM) system within the context of disaster response by Canadian local authorities (e.g., municipalities).--Page 1
563 |aProcessed
590 |a00-45|b2000-11-10
69007|aEmergency preparedness|2gcpds
69007|aSite management|2gcpds
77508|tSystème de gestion du site d'un sinistre : |w(CaOODSP)9.681323
7760#|tThe Emergency Site Management (ESM) System : |w(CaOODSP)9.695653